000 00385nam a22000977a 4500
008 150617b xxu||||| |||| 00| 0 eng d
010 _8HCCRSF:003
245 _aHIGH COURT CRIMINAL SESSION NO.450 OF 1969 Uganda Vs 1. Zabuloni Gyangiro 2. Mikaili Alias Kaligo Sentamu 3. Kosai Kaligo 4. Lekobowamu Gasyowere
260 _aHigh Court Kampala
500 _3BEFORE: Hon. Mr. Justice L.P Saldanha
999 _c6296
_d6296